Achieving quality through continual improvement /

This book is about: A process view of quality; Management issues in achieving quality; Stabilizing quality; Improving quality; ...

保存先:
書誌詳細
第一著者: Burrill, Claude W.
その他の著者: Ledolter, Johannes.
フォーマット: 図書
言語:English
出版事項: New York : John Wiley and Sons, 1999.
主題:
タグ: タグ追加
タグなし, このレコードへの初めてのタグを付けませんか!
Thư viện lưu trữ: Mạng thư viện Đại học Đà Nẵng
LEADER 01382cam a2200397 i 4500
001 000048611
003 8333
005 20030324095402.0
008 010321|1999 vm 000 eng
020 |a 0471092207 
040 |a IRC  |c IRC  |d IRC 
041 0 |a eng 
082 1 4 |a 658.562  |b BU-C 
100 1 |a Burrill, Claude W. 
245 0 0 |a Achieving quality through continual improvement /  |c Claude W. Burrill, Johannes Ledolter. 
260 |a New York :  |b John Wiley and Sons,  |c 1999. 
300 |a x, 630 p. :  |b ill. ;  |c 23.5cm. 
520 3 |a This book is about: A process view of quality; Management issues in achieving quality; Stabilizing quality; Improving quality; ... 
630 0 4 |a Management. 
630 0 4 |a Assurance. 
650 0 4 |a Total quality management. 
650 0 4 |a ISO 9000 Series Standards. 
650 0 4 |a Quality assurance. 
700 1 |a Ledolter, Johannes. 
OWN |a DUT 
AVA |a UDN50  |b DUT  |c Book  |d 658.562 BU-C  |e available  |t Error 5001 Not defined in file expand_doc_bib_avail.  |f 1  |g 0  |h N  |i 0  |j SH  |k 1 
999 |a From the UDN01 
AVA |a UDN50  |b DUT  |c Book  |d 658.562 BU-C  |e available  |t Error 5001 Not defined in file expand_doc_bib_avail.  |f 1  |g 0  |h N  |i 0  |j SH  |k 1 
TYP |a Monograph 
TYP |a Printed language 
980 |a Mạng thư viện Đại học Đà Nẵng